000
00217 a2200109 4500
001
68503
040
_c
Anchieta - Itaigara
240
1
0
_a
Projeto Prosa
_l
245
1
0
_a
Projeto Prosa
650
4
_a
Educação
942
_c
MU
999
_c
68503
_d
68503